Konjugation sehen - Statistiken

Allgemein
  • Dieses Quiz wurde 75 mal gespielt
  • Das Durchschnittsergebnis liegt bei 36 aus 92
Antwortstatistiken
Antwort % Korrekt
sehen
100%
siehst
100%
sieht
100%
sehe
98%
sehen
98%
sah
97%
sahen
97%
sahen
97%
saht
97%
seht
97%
sah
95%
sahst
95%
hatte gesehen
68%
hatte gesehen
66%
hatten gesehen
66%
hattest gesehen
66%
hatten gesehen
64%
hattet gesehen
64%
werde gesehen haben
61%
wirst gesehen haben
61%
sehen
59%
werden gesehen haben
59%
werden gesehen haben
59%
werdet gesehen haben
59%
wird gesehen haben
59%
werden sehen
56%
werden sehen
56%
werde sehen
56%
werdet sehen
56%
wird sehen
56%
wirst sehen
56%
habe gesehen
49%
haben gesehen
47%
haben gesehen
47%
habt gesehen
47%
hast gesehen
47%
hat gesehen
47%
seht
41%
sehen
39%
sehen
39%
sieh
39%
habe gesehen
36%
sehe
36%
sehen
32%
sehen
32%
sehe
31%
sehest
29%
sehet
29%
haben gesehen
24%
haben gesehen
24%
werde gesehen haben
22%
habe gesehen
20%
habest gesehen
20%
habet gesehen
20%
werde sehen
19%
gesehen
17%
gesehen haben
17%
hätte gesehen
17%
hätte gesehen
17%
hätten gesehen
17%
hätten gesehen
17%
hättest gesehen
17%
hättet gesehen
17%
werde gesehen haben
17%
werden gesehen haben
17%
werden gesehen haben
17%
werdest gesehen haben
17%
werdet gesehen haben
17%
sehend
15%
würde gesehen haben
12%
würde gesehen haben
12%
würden gesehen haben
12%
würden gesehen haben
12%
würdest gesehen haben
12%
würdet gesehen haben
12%
werden sehen
10%
werdet sehen
10%
werden sehen
8%
werde sehen
8%
werdest sehen
8%
würde sehen
8%
würden sehen
7%
würde sehen
7%
würdest sehen
7%
sähe
5%
sähe
5%
sähen
5%
sähen
5%
sähest
5%
sähet
5%
würden sehen
5%
würdet sehen
5%
Keine übereinstimmenden Quizze gefunden
Verteilung der Resultate
Anzahl Personen mit jedem Resultat
Perzentil nach korrekt beantworteten Fragen
Ihre Resultats-Entwicklung
Sie haben dieses Quiz noch nicht gespielt